[Event "AUTO-INT-673"]
[Site "http://www.queenalice.com/game.php?id=340622"]
[Date "2008.1.22"]
[Round "2"]
[White "VachislavVasilievichRagosin"]
[Black "umdoistresredondoredondo"]
[Result "1-0"]
[WhiteElo "1972"]
[BlackElo "1828"]

1. d4 Nf6 2. Nf3 d5 3. c4 c6 4. Nc3 dxc4 5. a4 e6 6. e3 c5 7. Bxc4 a6 8. O-O Bd6
9. Qe2 Qc7 10. dxc5 Qxc5 11. e4 Qh5 12. e5 Bxe5 13. Nxe5 Qxe2 14. Bxe2 O-O 15.
Bg5 Nfd7 16. Nxd7 Nxd7 17. Rfd1 f6 18. Be3 Ne5 19. Rd6 h6 20. Rad1 b5 21. axb5
axb5 22. Bxb5 Bb7 23. Rxe6 Ba6 24. Bxa6 1-0

[Event "AUTO-INT-673"]
[Site "http://www.queenalice.com/game.php?id=340623"]
[Date "2008.1.22"]
[Round "2"]
[White "pacou93"]
[Black "VachislavVasilievichRagosin"]
[Result "0-1"]
[WhiteElo "1711"]
[BlackElo "1966"]

1. e4 e5 2. Nf3 Qe7 3. Bc4 g6 4. O-O Bg7 5. d4 d6 6. h3 Nf6 7. Re1 O-O 8. Nc3 c6
9. Ng5 b5 10. Bxf7+ Rxf7 11. Nxf7 Qxf7 12. dxe5 dxe5 13. Qd6 Qd7 14. Qxe5 Nd5
15. Qg5 Nxc3 16. bxc3 Bxc3 0-1

[Event "AUTO-INT-673"]
[Site "http://www.queenalice.com/game.php?id=340624"]
[Date "2008.1.22"]
[Round "2"]
[White "VachislavVasilievichRagosin"]
[Black "pacou93"]
[Result "1-0"]
[WhiteElo "1988"]
[BlackElo "1690"]

1. e3 d5 2. d4 Nf6 3. Bd3 c5 4. c3 Nc6 5. f4 e6 6. Nd2 c4 7. Bc2 b5 8. Qe2 Be7
9. Ngf3 Nd7 10. e4 O-O 11. e5 a5 12. h4 Nb6 13. Bxh7+ Kxh7 14. Ng5+ Kg6 15. h5+
Kf5 16. g4+ Kxf4 17. Qf3+ Kxg5 18. Ne4# 1-0

[Event "Challenge"]
[Site "http://www.queenalice.com/game.php?id=340783"]
[Date "2008.1.22"]
[Round "-"]
[White "DURIN09"]
[Black "VachislavVasilievichRagosin"]
[Result "1/2-1/2"]
[WhiteElo "1980"]
[BlackElo "1942"]

1. d4 d5 2. c4 e6 3. Nc3 Nf6 4. Bg5 Be7 5. Nf3 O-O 6. e3 h6 7. Bh4 Ne4 8. Bxe7
Qxe7 9. cxd5 Nxc3 10. bxc3 exd5 11. Be2 b6 12. O-O Bb7 13. Qc2 Nd7 14. a4 c5 15.
Rab1 Rfe8 16. a5 Rac8 17. Qa4 Bc6 18. Qa2 c4 19. axb6 axb6 20. Rb4 Ra8 21. Qb2
Ra6 22. Ra1 Rea8 23. Rxa6 Rxa6 24. h3 b5 25. Qb1 Qe4 26. Nd2 Qxb1+ 27. Nxb1 Nf6
28. f3 Ra2 29. Kf1 Nh5 30. Kf2 Ng3 31. Kxg3 Rxe2 32. Na3 Rxe3 33. Nxb5 Bxb5 34.
Rxb5 Rxc3 1/2-1/2

[Event "Challenge"]
[Site "http://www.queenalice.com/game.php?id=340784"]
[Date "2008.1.22"]
[Round "-"]
[White "VachislavVasilievichRagosin"]
[Black "DURIN09"]
[Result "1-0"]
[WhiteElo "1956"]
[BlackElo "1977"]

1. d4 Nf6 2. c4 g6 3. Nc3 Bg7 4. e4 d6 5. Nf3 O-O 6. Be2 e5 7. O-O Nc6 8. d5 Ne7
9. Ne1 Ne8 10. Be3 f5 11. f3 f4 12. Bf2 h6 13. c5 g5 14. cxd6 cxd6 15. a4 Ng6
16. a5 h5 17. Nb5 a6 18. Nc3 Nf6 19. Qb3 g4 20. Qb6 Qe7 21. Nc2 h4 22. fxg4 Bxg4
23. Bxg4 Nxg4 24. Be1 Rf7 25. h3 Nh6 26. Bd2 Raf8 27. Ne1 f3 28. Nxf3 Nf4 29.
Bxf4 Rxf4 30. Ra4 Qf7 31. Rc4 Qg6 32. Kh1 Ng4 33. Rc7 Bh6 34. hxg4 Qxg4 35. Qxd6
Rxf3 36. Rxf3 Rxf3 37. Qe6+ Qxe6 38. dxe6 Rf1+ 39. Kh2 Bf4+ 40. Kh3 Rc1 41. Rc8+
Kg7 42. e7 Rh1+ 43. Kg4 Rg1 44. e8=Q Rxg2+ 45. Kxh4 Rh2+ 46. Kg4 Rg2+ 47. Kf5
Rg5+ 48. Ke6 1-0

[Event "AUTO-MASTER-454"]
[Site "http://www.queenalice.com/game.php?id=340869"]
[Date "2008.1.22"]
[Round "1"]
[White "arrabi"]
[Black "VachislavVasilievichRagosin"]
[Result "1-0"]
[WhiteElo "2166"]
[BlackElo "1998"]

1. e4 c5 2. Bc4 e6 3. a4 d5 4. exd5 exd5 5. Ba2 Nf6 6. h3 Bd6 7. d3 O-O 8. Nf3
Re8+ 9. Kf1 Nc6 10. c3 Bf5 11. Bg5 Ne5 12. Nxe5 Bxe5 13. f4 Bc7 14. g4 Be6 15.
Qf3 h6 16. Bh4 g5 17. fxg5 Nh7 18. g6 Qxh4 19. gxh7+ Kxh7 20. Nd2 Re7 21. Bxd5
Rae8 22. Be4+ Kh8 23. Ke2 c4 24. Raf1 Bd5 25. Kd1 Bxe4 26. dxe4 Rd7 27. Kc2 a6
28. Qf6+ Qxf6 29. Rxf6 Kg7 30. Rhf1 Be5 31. R6f5 b5 32. axb5 axb5 33. Nf3 f6 34.
h4 Rde7 35. g5 hxg5 36. hxg5 fxg5 37. Rxg5+ Kf6 38. Rf5+ Kg7 39. Rg1+ 1-0

[Event "AUTO-MASTER-454"]
[Site "http://www.queenalice.com/game.php?id=340870"]
[Date "2008.1.22"]
[Round "1"]
[White "VachislavVasilievichRagosin"]
[Black "arrabi"]
[Result "1-0"]
[WhiteElo "1994"]
[BlackElo "1973"]

1. d4 d5 2. c4 Nf6 3. cxd5 Nxd5 4. e4 Nb6 5. Nc3 g6 6. Be3 Bg7 7. h3 O-O 8. Nf3
c6 9. Be2 Re8 10. O-O e5 11. dxe5 Qxd1 12. Rfxd1 Be6 13. b3 N8d7 14. Bf4 h6 15.
Bg3 g5 16. Rd2 g4 17. hxg4 Bxg4 18. Rad1 Nxe5 19. Nxe5 Bxe2 20. Nxe2 Bxe5 21.
Bxe5 Rxe5 22. Ng3 Kh7 23. f3 Rg8 24. Nf5 Re6 25. Rd6 Reg6 26. R1d2 Re8 27. Kf2
a5 28. Ke3 Nd5+ 29. Kf2 Nf6 30. Rd8 Rgg8 31. Rxe8 Rxe8 32. Rd6 Re6 33. Rd8 c5
34. Nd6 Re7 35. Rb8 Rd7 36. Nxb7 Rd2+ 37. Kg1 Rxa2 38. Nxc5 Nh5 39. Nd3 Rd2 40.
Rb5 Ng3 41. Ne5 f6 42. Ng4 Ne2+ 43. Kh2 Nd4 44. Rxa5 Nxf3+ 45. Kg3 Ng5 46. Nxf6+
Kg6 47. e5 Rd3+ 48. Kh2 Rxb3 49. Ng4 h5 50. Nf2 Ne6 51. Nh3 Re3 52. Ng1 Nd4 53.
Ra4 Re4 54. Ra5 h4 55. Nf3 Ne6 56. Ra6 Kf5 57. Rxe6 Kxe6 58. Ng5+ Kxe5 59. Nxe4
Kxe4 60. Kh3 Kf5 61. Kxh4 Kg6 62. Kg4 Kg7 63. Kg5 Kg8 64. Kg6 Kh8 65. g4 Kg8 66.
g5 Kh8 67. Kf7 Kh7 68. g6+ Kh8 69. g7+ Kh7 70. g8=Q+ Kh6 71. Qg6# 1-0

[Event "AUTO-MASTER-454"]
[Site "http://www.queenalice.com/game.php?id=340881"]
[Date "2008.1.22"]
[Round "1"]
[White "Bruscato"]
[Black "VachislavVasilievichRagosin"]
[Result "1/2-1/2"]
[WhiteElo "2218"]
[BlackElo "1945"]

1. e4 g6 2. d4 Bg7 3. Nc3 c5 4. dxc5 Qa5 5. Bd2 Qxc5 6. Nf3 Nc6 7. Bd3 Qb6 8.
O-O d6 9. Nd5 Qd8 10. c3 Bg4 11. h3 Bxf3 12. Qxf3 Nf6 13. Nxf6+ Bxf6 14. Bh6 Qb6
15. Qe2 O-O-O 16. Bc4 e6 17. Qf3 Ne5 18. Qxf6 Nxc4 19. Qxf7 Rde8 20. b3 Ne5 21.
Qf4 Re7 22. Qe3 Qxe3 23. Bxe3 a6 24. f4 Nc6 25. Rad1 Rd7 26. Rd3 Kc7 27. f5 exf5
28. exf5 Ne5 29. Rd4 gxf5 30. Rxf5 Re8 31. Rf6 Nc6 32. Rd3 Ne5 33. Rd5 Ng4 34.
hxg4 Rxe3 35. c4 Rg3 36. g5 Rg7 37. Rdxd6 R3xg5 38. Rd2 h5 39. Kf1 h4 40. Rf3
Rg3 41. Rxg3 Rxg3 42. Kf2 Rc3 43. Rd4 h3 44. gxh3 Rxh3 45. Rd2 Kc6 46. Ke1 Rh1+
47. Ke2 b5 48. cxb5+ axb5 49. Kd3 Rh3+ 50. Kc2 b4 51. Kb2 Kc5 1/2-1/2

[Event "AUTO-MASTER-454"]
[Site "http://www.queenalice.com/game.php?id=340882"]
[Date "2008.1.22"]
[Round "1"]
[White "VachislavVasilievichRagosin"]
[Black "Bruscato"]
[Result "0-1"]
[WhiteElo "1932"]
[BlackElo "2136"]

1. d4 e6 2. Nf3 d5 3. c4 Nf6 4. Nc3 Be7 5. Bg5 c6 6. e3 O-O 7. Rc1 h6 8. Bf4
Nbd7 9. h3 a6 10. c5 b6 11. b4 a5 12. a3 axb4 13. axb4 bxc5 14. bxc5 Ba6 15.
Bxa6 Rxa6 16. O-O Ne4 17. Nxe4 dxe4 18. Nd2 e5 19. Bxe5 Nxe5 20. dxe5 Qc7 21.
Nxe4 Qxe5 22. Qd3 Ra2 23. Rfd1 Rfa8 24. Nd6 Bh4 25. Rd2 R8a3 26. Qe2 Ra1 27. Rc2
R3a2 28. Nxf7 Rxc1+ 29. Rxc1 Qe6 30. Qc4 Bxf2+ 31. Kf1 Kxf7 32. Qxe6+ Kxe6 33.
Rc4 Kd5 0-1

[Event "AUTO-MASTER-454"]
[Site "http://www.queenalice.com/game.php?id=340887"]
[Date "2008.1.22"]
[Round "1"]
[White "Lopesq"]
[Black "VachislavVasilievichRagosin"]
[Result "0-1"]
[WhiteElo "1931"]
[BlackElo "1980"]

1. Nf3 Nf6 2. d4 d5 3. Bf4 Bf5 4. e3 e6 5. Nbd2 Bd6 6. Bxd6 cxd6 7. Bb5+ Nbd7 8.
Bxd7+ Qxd7 9. O-O O-O 10. c4 dxc4 11. Nxc4 Rfc8 12. b3 b5 13. Ncd2 Rc7 14. Re1
Ne4 15. Nxe4 Bxe4 16. Ng5 Bg6 17. Qf3 Qc6 18. e4 h6 19. Nh3 e5 20. d5 Qc3 21.
Qxc3 Rxc3 22. f3 Rac8 23. Nf2 f5 24. Kf1 Rc2 25. b4 Rb2 26. Nd3 Rd2 27. Red1
Rxd1+ 28. Rxd1 fxe4 29. fxe4 Bxe4 30. Nf2 Bf5 31. h3 Rc2 32. g4 Bg6 33. a3 Ra2
34. h4 Rxa3 35. h5 Bf7 36. Ne4 a5 37. bxa5 Rxa5 38. Nxd6 b4 39. Nf5 b3 40. d6
Be6 41. Ne7+ Kf7 42. Nf5 Bxf5 43. gxf5 Ke8 44. Ke2 b2 45. Rb1 Rb5 46. Kd3 Kd7
47. Kc4 Rb6 48. Kc5 Rc6+ 49. Kd5 Rxd6+ 50. Kxe5 Rb6 51. Kd4 Ke7 52. Kc3 Kf6 53.
Kc4 Kxf5 54. Kc3 Kg5 55. Kc2 Kxh5 56. Rh1+ Kg4 57. Rg1+ Kf3 58. Rf1+ Kg2 59. Rd1
b1=Q+ 60. Rxb1 Rxb1 61. Kxb1 h5 0-1

[Event "AUTO-MASTER-454"]
[Site "http://www.queenalice.com/game.php?id=340888"]
[Date "2008.1.22"]
[Round "1"]
[White "VachislavVasilievichRagosin"]
[Black "Lopesq"]
[Result "0-1"]
[WhiteElo "1962"]
[BlackElo "1937"]

1. d4 d5 2. c4 dxc4 3. Nf3 b5 4. a4 c6 5. e3 a6 6. b3 Qa5+ 7. Bd2 b4 8. Bxc4 e6
9. O-O Nf6 10. Qe1 Ne4 11. Bd3 Nxd2 12. Nbxd2 Bb7 13. Rc1 Be7 14. Ne4 Nd7 15.
Nfd2 O-O 16. Nc4 Qc7 17. Nb2 a5 18. Be2 Nf6 19. Nxf6+ Bxf6 20. f4 Qd7 21. Nd3
Qd5 22. Nc5 Rab8 23. Bf3 Qd8 24. Rf2 Bh4 25. g3 Bf6 26. Rfc2 Ba8 27. Nd3 c5 28.
Bxa8 Rxa8 29. Nxc5 Qd5 30. Qe2 Rac8 31. Qg2 Rxc5 32. Rxc5 Qxb3 33. Qe2 Qxa4 34.
Qa6 Qa3 35. Kf2 Bd8 36. Rc8 b3 37. Qa8 Be7 38. R1c5 b2 39. Qb7 Qa2 40. Qxe7
b1=Q+ 41. Kf3 Qh1+ 42. Kg4 Qe2+ 43. Kg5 h6+ 0-1

[Event "Challenge"]
[Site "http://www.queenalice.com/game.php?id=358331"]
[Date "2008.2.21"]
[Round "-"]
[White "JMasters"]
[Black "VachislavVasilievichRagosin"]
[Result "1-0"]
[WhiteElo "1894"]
[BlackElo "1950"]

1. e4 c6 2. d4 d5 3. Nc3 dxe4 4. Nxe4 Nd7 5. Qe2 e6 6. g3 Ngf6 7. Bg2 Nxe4 8.
Bxe4 Nf6 9. c3 Bd6 10. Bc2 O-O 11. Nf3 b6 12. Bg5 Bb7 13. O-O h6 14. Bd2 c5 15.
Rfe1 Rc8 16. Nh4 1-0

[Event "Challenge"]
[Site "http://www.queenalice.com/game.php?id=358332"]
[Date "2008.2.21"]
[Round "-"]
[White "VachislavVasilievichRagosin"]
[Black "JMasters"]
[Result "0-1"]
[WhiteElo "1970"]
[BlackElo "1874"]

1. e4 c5 2. Nf3 d6 3. Bc4 a6 4. a4 Nf6 5. Nc3 Nc6 6. h3 g6 7. d3 Bg7 8. Be3 O-O
9. Qd2 e6 10. Bg5 Qb6 11. O-O Nd7 12. Rab1 Nce5 13. Nxe5 Nxe5 14. Bb3 Bd7 15.
Kh1 Rfe8 0-1

[Event "AUTO-OPEN-890"]
[Site "http://www.queenalice.com/game.php?id=364096"]
[Date "2008.3.2"]
[Round "2"]
[White "Ikki_de_Fenix"]
[Black "VachislavVasilievichRagosin"]
[Result "1/2-1/2"]
[WhiteElo "2139"]
[BlackElo "1955"]

1. e4 e5 2. Nf3 d6 3. d4 Nc6 4. dxe5 Nxe5 5. Nxe5 dxe5 6. Qxd8+ Kxd8 7. Bc4 Ke7
8. Nc3 c6 9. f3 Be6 10. Bxe6 Kxe6 11. a3 Bc5 12. Bd2 Ne7 13. O-O-O Rhd8 1/2-1/2

[Event "AUTO-OPEN-890"]
[Site "http://www.queenalice.com/game.php?id=364097"]
[Date "2008.3.2"]
[Round "2"]
[White "VachislavVasilievichRagosin"]
[Black "Ikki_de_Fenix"]
[Result "1/2-1/2"]
[WhiteElo "1973"]
[BlackElo "2157"]

1. e4 e5 2. Nf3 Nc6 3. Bb5 a6 4. Bxc6 dxc6 5. O-O Bd6 6. d4 exd4 7. Qxd4 f6 8.
Rd1 Bg4 9. Nbd2 Ne7 10. Re1 O-O 11. b3 c5 12. Qd3 Nc6 13. Nc4 Bxf3 14. Qxf3 Ne5
15. Nxe5 Bxe5 16. Rb1 Qe7 17. Bf4 Rfd8 18. Red1 Bxf4 19. Qxf4 Rd4 20. Rxd4
1/2-1/2

[Event "AUTO-ADV-701"]
[Site "http://www.queenalice.com/game.php?id=379694"]
[Date "2008.3.31"]
[Round "2"]
[White "Ikki_de_Fenix"]
[Black "VachislavVasilievichRagosin"]
[Result "1-0"]
[WhiteElo "2215"]
[BlackElo "2002"]

1. e4 e5 2. Nf3 Nc6 3. Bb5 Bc5 4. O-O Qf6 5. Nc3 Nge7 6. Na4 Bb4 7. a3 Ba5 8. b4
Bb6 9. Nxb6 axb6 10. Bb2 O-O 11. Re1 d6 12. c3 Bg4 13. Be2 Ng6 14. h3 Bd7 15. a4
Rfe8 16. d3 Nf4 17. Bf1 Rad8 18. Bc1 Bc8 19. g3 Ne6 20. Bg2 h6 21. Be3 g5 22. h4
Kh8 23. Bh3 Nf4 24. Bxc8 Rxc8 25. gxf4 gxf4 26. Bd2 1-0

[Event "AUTO-ADV-701"]
[Site "http://www.queenalice.com/game.php?id=379695"]
[Date "2008.3.31"]
[Round "2"]
[White "VachislavVasilievichRagosin"]
[Black "Ikki_de_Fenix"]
[Result "1/2-1/2"]
[WhiteElo "1986"]
[BlackElo "2248"]

1. d4 Nf6 2. Nf3 e6 3. Bg5 h6 4. Bh4 Be7 5. Nbd2 d5 6. e3 O-O 7. Bd3 Nbd7 8. c3
c5 9. Ne5 cxd4 10. exd4 Nxe5 11. dxe5 Nd7 12. Bxe7 Qxe7 13. O-O Nxe5 14. Bc2 Bd7
15. Re1 Qg5 16. g3 Qxd2 17. Rxe5 Qxd1+ 18. Rxd1 Rfc8 19. f4 g6 20. Rd4 f6 21.
Re1 Kf7 22. Bb3 a5 23. a3 b5 24. h4 h5 25. Bd1 Rc4 26. f5 gxf5 27. Bxh5+ Kg7 28.
Red1 Rxd4 29. Rxd4 Rh8 30. Be2 Bc6 31. Kf2 Kh6 32. Ke3 e5 33. Rd1 Rg8 34. Kf2
Rb8 35. Bf3 Rd8 36. Ke3 b4 37. axb4 axb4 38. Ra1 bxc3 39. bxc3 Rb8 40. Ra6 d4+
41. cxd4 Rb3+ 42. Kd2 Bxf3 43. Rxf6+ Kg7 44. Rxf5 exd4 45. Rf4 Bc6 46. Rxd4
1/2-1/2

[Event "AUTO-ADV-701"]
[Site "http://www.queenalice.com/game.php?id=379698"]
[Date "2008.3.31"]
[Round "2"]
[White "VachislavVasilievichRagosin"]
[Black "pajabraba69"]
[Result "0-1"]
[WhiteElo "1976"]
[BlackElo "1966"]

1. d4 Nf6 2. Nf3 b6 3. c4 e6 4. e3 Bb7 5. Nc3 Bb4 6. Bd2 O-O 7. Bd3 Bxc3 8. Bxc3
d6 9. Qc2 d5 10. cxd5 exd5 11. Bb4 Re8 12. Rc1 c6 13. O-O Bc8 14. h3 a5 15. Ba3
b5 16. Bc5 Na6 17. Ne5 Bd7 18. a3 Nxc5 19. Qxc5 Rc8 20. b4 axb4 21. Qxb4 Qe7 22.
Qxe7 Rxe7 23. Nxd7 Nxd7 24. Bxb5 c5 25. Bxd7 Rxd7 26. Rxc5 Rxc5 27. dxc5 Rc7 28.
Rc1 Kf8 29. Kf1 Ke8 30. Ke2 Ra7 31. Rc3 Kd7 32. c6+ Kc7 33. Kd3 Ra4 34. f3 f5
35. g4 g6 36. Kc2 f4 37. Kb3 fxe3 38. Rxe3 Rf4 0-1

[Event "AUTO-ADV-701"]
[Site "http://www.queenalice.com/game.php?id=379699"]
[Date "2008.3.31"]
[Round "2"]
[White "pajabraba69"]
[Black "VachislavVasilievichRagosin"]
[Result "1-0"]
[WhiteElo "1948"]
[BlackElo "1994"]

1. e4 c5 2. Nf3 d6 3. d4 cxd4 4. Nxd4 Nf6 5. Nc3 Nc6 6. Bc4 Qb6 7. Nb3 e6 8. Be3
Qd8 9. O-O Be7 10. Bg5 a6 11. Nd4 Bd7 12. a4 Rc8 13. Nxc6 Bxc6 14. Qe2 Qc7 15.
Bd3 O-O 16. Kh1 h6 17. Bd2 Rfe8 18. f4 Bf8 19. e5 Nd5 20. a5 Nb4 21. Ne4 Nxd3
22. Qxd3 Bxe4 23. Qxe4 Qxc2 24. Qxc2 Rxc2 25. Bc3 d5 26. Rfd1 g6 27. Rac1 Rxc1
28. Rxc1 Rc8 29. Rd1 Rc4 30. Rd4 Rxd4 31. Bxd4 Bb4 32. Bc3 Bxc3 33. bxc3 Kf8 34.
Kg1 Ke7 35. Kf2 Kd7 36. Ke3 Kc6 37. Kd4 Kb5 38. g4 1-0

[Event "AUTO-OPEN-890"]
[Site "http://www.queenalice.com/game.php?id=410054"]
[Date "2008.5.29"]
[Round "3"]
[White "Brodthuhn"]
[Black "VachislavVasilievichRagosin"]
[Result "1-0"]
[WhiteElo "2434"]
[BlackElo "1988"]

1. e4 c6 2. d4 d5 3. Nc3 dxe4 4. Nxe4 Nd7 5. Ng5 Ngf6 6. Bd3 e6 7. N1f3 Bd6 8.
Qe2 h6 9. Ne4 Nxe4 10. Qxe4 Nf6 11. Qe2 Qc7 12. Bd2 b6 13. O-O-O Bb7 14. Ne5
O-O-O 15. f4 c5 16. dxc5 Bxc5 17. Rhe1 Kb8 18. Kb1 Ka8 19. g3 Rhf8 20. c4 Bd4
21. Bb4 Bc5 22. Bxc5 bxc5 23. Bc2 Qa5 24. Rxd8+ Qxd8 25. Rd1 Qc7 26. g4 Ng8 27.
Rd7 Qb6 28. Be4 1-0

[Event "AUTO-OPEN-890"]
[Site "http://www.queenalice.com/game.php?id=410055"]
[Date "2008.5.29"]
[Round "3"]
[White "VachislavVasilievichRagosin"]
[Black "Brodthuhn"]
[Result "0-1"]
[WhiteElo "1996"]
[BlackElo "2445"]

1. d4 Nf6 2. Nf3 g6 3. c4 Bg7 4. Nc3 O-O 5. e4 d6 6. Be2 e5 7. dxe5 dxe5 8. Qxd8
Rxd8 9. Bg5 Be6 10. Nxe5 h6 11. Bh4 g5 12. Bg3 Na6 13. Rd1 c6 14. O-O Nc5 15. f3
Nh5 16. Nd3 Nxg3 17. hxg3 Bxc3 18. bxc3 Na4 19. Kf2 Nxc3 20. Rc1 Nxa2 21. Rc2
Rxd3 22. Rxa2 Rb3 23. Rfa1 a6 24. Ra3 Rxa3 25. Rxa3 b6 26. Ke3 a5 27. f4 f6 28.
Kd4 c5+ 29. Ke3 a4 30. Kd2 Kf7 31. Kc3 Bd7 0-1

[Event "AUTO-OPEN-890"]
[Site "http://www.queenalice.com/game.php?id=410058"]
[Date "2008.5.29"]
[Round "3"]
[White "VachislavVasilievichRagosin"]
[Black "Ikki_de_Fenix"]
[Result "0-1"]
[WhiteElo "1960"]
[BlackElo "2313"]

1. e4 e5 2. Nf3 Nc6 3. Bc4 Nf6 4. d3 Be7 5. O-O O-O 6. c3 h6 7. Bb3 d6 8. Nbd2
Bg4 9. h3 Bd7 10. Re1 Na5 11. Bc2 b6 12. Nf1 c5 13. g4 a6 14. Ne3 Nc6 15. Kh1 b5
16. Rg1 Kh8 17. Nf5 Bxf5 18. gxf5 Rg8 19. Qe2 Qd7 20. Be3 d5 21. a3 c4 22. exd5
Qxd5 23. dxc4 bxc4 24. Rad1 Qb5 25. Bb1 Rab8 26. Rd2 Rgd8 27. Rgd1 e4 28. Nd4
Nxd4 29. Bxd4 Qxf5 0-1

[Event "AUTO-OPEN-890"]
[Site "http://www.queenalice.com/game.php?id=410059"]
[Date "2008.5.29"]
[Round "3"]
[White "Ikki_de_Fenix"]
[Black "VachislavVasilievichRagosin"]
[Result "1-0"]
[WhiteElo "2230"]
[BlackElo "1995"]

1. d4 Nf6 2. c4 e6 3. Nf3 b6 4. g3 Ba6 5. b3 Be7 6. Bg2 c6 7. O-O O-O 8. Nc3 d5
9. Ne5 Nfd7 10. Nxd7 Nxd7 11. cxd5 cxd5 12. a4 Nf6 13. Bf4 Rc8 14. Rc1 Bb4 15.
Na2 Bd6 16. Rxc8 Qxc8 17. Bxd6 1-0